- Carzon, Walter,
Entry Nombre Personal
001 - NUMERO DE CONTROL
- campo de control: 52031
003 - IDENTIFICADOR DE NUMERO DE CONTROL
- campo de control: DLC
005 - FECHA Y HORA DE LA ÜLTIMA TRANSACCIÓN
- campo de control: 20240523111257.0
008 - DATOS DE LONGITUD FIJA
- campo de control de longitud fija: 120829nn aznnnaabn a ana c
010 ## - NÚMERO DE CONTROL DE LA BIBLIOTECA DEL CONGRESO
- Número de control LC: no2012116264
035 ## - NUMERO DE CONTROL
- Número de control: (OCoLC)oca09288849
040 ## - FUENTE DE CATALOGACIÓN
- Agencia original de catalogación: IlMchBWI
- Lenguaje de catalogación: spa
- Description conventions: rda
- Agencia de transcripción: IlMchBWI
- Agencia que lo modifica: ICrlF
046 ## - FECHAS CON CODIFICACIÓN ESPECIAL
- Fecha de nacimiento: 1965
100 1# - ENCABEZAMIENTO - NOMBRE PERSONAL
- Nombre personal: Carzon, Walter,
- Fechas asociadas con el nombre: 1965-
370 ## - LUGAR ASOCIADO
- Associated country: Argentina
377 ## - LENGUA ASOCIADA
- Language code: spa
670 ## - FUENTE EN LA QUE SE LOCALIZARON DATOS
- Cita de la fuente: Mis juguetes preferidos : los números, 2011
- Información localizada: cubierta posterior (Walter Carzon)
670 ## - FUENTE EN LA QUE SE LOCALIZARON DATOS
- Cita de la fuente: Comic Vine website, Aug. 29, 2012
- Información localizada: (Walter Carzon, comic book creator, artist, penciler; born in Argentina in 1965)
670 ## - FUENTE EN LA QUE SE LOCALIZARON DATOS
- Cita de la fuente: OCLC, Aug. 29, 2012
- Información localizada: (emto.: Carzon, Walter)
902 ## - CATALOGADOR
- Catalogador: VíctorGodínez/230524
